Golf Brand by Logo - Statistics

General Stats
  • This quiz has been taken 331 times
  • The average score is 12 of 16
Answer Stats
Picture Answer % Correct
Wilson
99%
Bridgestone
89%
TaylorMade
87%
Titleist
86%
Footjoy
85%
Mizuno
82%
Callaway
81%
Vice
77%
Good Good
76%
Cobra
75%
Srixon
75%
Tiger Woods
60%
Sunday Red
53%
Odyssey
51%
Cleveland
42%
Jack Nicklaus
37%
No matching quizzes found
Score Distribution
Percent of People with Each Score
Percentile by Number Answered
Your Score History
You have not taken this quiz